000 00220nam a22000857a 4500
008 160701b xxu||||| |||| 00| 0 eng d
100 _91658
_a Gupta, P
245 _aThe Town Musicians of Bremen
260 _aNew delhi
_bM/S Arya
999 _c1377
_d1377